[Event "Standard Tournament Under 1600"]
[Site "SchemingMind.com"]
[Date "2010.12.05"]
[Round "-"]
[White "ampp"]
[Black "BigDaddy"]
[Result "0-1"]
[WhiteCountry "POR"]
[BlackCountry "AUT"]
[WhiteElo "1135"]
[WhiteRD "44"]
[BlackElo "1353"]
[BlackRD "81"]
[GameID "269079"]

1. e4 c5 2. c3 Nf6 3. e5 Nd5 4. Nf3 e6 5. d4 cxd4 6. cxd4 Bb4+ 7. Bd2 Qb6 8. a3 Bxd2+ 9. Qxd2 Nc6 10. Bc4 O-O
11. O-O Nce7 12. Nc3 Nxc3 13. bxc3 d5 14. Be2 h6 15. Rab1 Qa5 16. Qb2 b6 17. h3 Ba6 18. Bxa6 Qxa6 19. Rfc1 Ng6 20. h4 Rab8
21. h5 Nf4 22. g4 Nd3
0-1

[Event "Standard Tournament Under 1600"]
[Site "SchemingMind.com"]
[Date "2010.12.05"]
[Round "-"]
[White "BigDaddy"]
[Black "ampp"]
[Result "1-0"]
[WhiteCountry "AUT"]
[BlackCountry "POR"]
[WhiteElo "1353"]
[WhiteRD "81"]
[BlackElo "1135"]
[BlackRD "44"]
[GameID "269080"]

1. e4 d6 2. d4 Nf6 3. Nc3 g6 4. f4 Bg7 5. Nf3 Nbd7 6. e5 dxe5 7. fxe5 Nh5 8. Be2 e6 9. O-O O-O 10. Ng5 a6
11. Bxh5 f6 12. Nxe6 Qe7 13. Nxf8 Nxf8 14. Be2 fxe5 15. dxe5 Qxe5 16. Qd5+
1-0

[Event "Standard Tournament Under 1600"]
[Site "SchemingMind.com"]
[Date "2010.12.06"]
[Round "-"]
[White "lennart"]
[Black "BigDaddy"]
[Result "1-0"]
[WhiteCountry "SWE"]
[BlackCountry "AUT"]
[WhiteElo "1520"]
[WhiteRD "55"]
[BlackElo "1353"]
[BlackRD "81"]
[GameID "269130"]

1. e4 c5 2. Nf3 Nf6 3. d3 d6 4. d4 cxd4 5. Nxd4 Nxe4 6. Be3 e5 7. Nb5 Qa5+ 8. c3 Bd7 9. N5a3 d5 10. b4 Bxb4
11. cxb4 Qxb4+ 12. Ke2 Qb2+ 13. Nc2 Nc3+ 14. Nxc3 Qxc3 15. a4 Qc4+ 16. Qd3 Qxd3+ 17. Kxd3 Bf5+ 18. Kd2 d4 19. Bg5 f6 20. Bh4 Bxc2
21. Kxc2 g5 22. Bg3 Nd7 23. Be2 O-O-O 24. Rhc1 Kb8 25. Kd2 Rc8 26. Rxc8+ Kxc8 27. Ke1 h5 28. Rc1+ Kd8 29. a5 h4 30. Bxh4 gxh4
31. h3 Rg8 32. Bg4 Rf8 33. Bf3 f5 34. Bxb7 Rg8 35. Rc8+ Ke7 36. Rxg8 e4 37. Rh8 d3 38. Kd2 Nc5 39. Ba8 Nb3+ 40. Kd1 f4
41. Bxe4 d2 42. a6 Kd6 43. Ra8 Ke5 44. f3 Kd4 45. Rxa7 Ke3 46. Re7 Kf2 47. a7 Kxg2 48. a8=Q Kxh3 49. Qg8 Nc5 50. Qg4+ Kh2
51. Qxh4+ Kg2 52. Rg7+ Kf1 53. Qh2 Nxe4 54. Rg1#
1-0

[Event "Standard Tournament Under 1600"]
[Site "SchemingMind.com"]
[Date "2010.12.06"]
[Round "-"]
[White "lennart"]
[Black "ampp"]
[Result "1-0"]
[WhiteCountry "SWE"]
[BlackCountry "POR"]
[WhiteElo "1529"]
[WhiteRD "55"]
[BlackElo "1281"]
[BlackRD "53"]
[GameID "269131"]

1. e4 c5 2. Nf3 d6 3. d3 Nf6 4. Nc3 g6 5. d4 Bg7 6. e5 Nfd7 7. exd6 exd6 8. dxc5 dxc5 9. Bc4 O-O 10. O-O Nc6
11. b3 Bxc3 12. Rb1 Nce5 13. Ng5 Nxc4 14. bxc4 Ne5 15. Qe2 Re8 16. Qe3 Bd4 17. Qf4 f6 18. Ne4 Nxc4 19. Nd2 Nxd2 20. Bxd2 Be5
21. Qh6 Qd6 22. Rbd1 Bf5 23. Be3 Qc7 24. Rd2 Qg7 25. Qh4 g5 26. Qc4+ Be6 27. Qxc5 b6 28. Qb5 Qh6 29. g3 Rac8 30. f4 gxf4
31. gxf4 Bb8 32. Rf3 Bg4 33. Rg3 Qh5 34. Qxh5
1-0

[Event "Standard Tournament Under 1600"]
[Site "SchemingMind.com"]
[Date "2010.12.06"]
[Round "-"]
[White "BigDaddy"]
[Black "lennart"]
[Result "1/2-1/2"]
[WhiteCountry "AUT"]
[BlackCountry "SWE"]
[WhiteElo "1353"]
[WhiteRD "81"]
[BlackElo "1520"]
[BlackRD "55"]
[GameID "269132"]

1. e4 e5 2. f4 exf4 3. Nf3 Nf6 4. e5 Nd5 5. Bc4 c6 6. Bxd5 cxd5 7. Nc3 Qa5 8. d3 d4 9. Nxd4 Bb4 10. Bd2 O-O
11. a3 Bc5 12. Nce2 Qb6 13. c3 Nc6 14. b4 Bxd4 15. Nxd4 Nxd4 16. cxd4 Qxd4 17. Qc1 Re8 18. Qc3 Rxe5+ 19. Kd1 Qxc3 20. Bxc3 Re3
21. Re1 d6 22. Bd2 Bg4+ 23. Kc2 Rc8+ 24. Kb2 Rxd3 25. Bxf4 Bf5 26. Re2 h6 27. Rc1 Rxc1 28. Bxc1 Be6 29. Kc2 Bf5 30. Kb2 Kh7
31. Bf4 b5 32. Rf2 d5 33. Bb8 a6 34. Rxf5 f6 35. Rf3 Rd2+ 36. Kc3 Rxg2 37. Rd3 g5 38. Rxd5 Kg6 39. Rd2 Rxd2 40. Kxd2 f5
41. Kd3 f4 42. Ke4 h5 43. Kf3 h4 44. Kg4 Kh6 45. Bc7 Kg6=
1/2-1/2

[Event "Standard Tournament Under 1600"]
[Site "SchemingMind.com"]
[Date "2010.12.06"]
[Round "-"]
[White "ampp"]
[Black "lennart"]
[Result "0-1"]
[WhiteCountry "POR"]
[BlackCountry "SWE"]
[WhiteElo "1281"]
[WhiteRD "53"]
[BlackElo "1529"]
[BlackRD "55"]
[GameID "269133"]

1. e4 e5 2. Nf3 Nc6 3. Bc4 h6 4. Nc3 d6 5. d4 Bg4 6. O-O Nxd4 7. Qd3 Nxf3+ 8. gxf3 Bh5 9. Nd5 Nf6 10. Nxf6+ gxf6
11. Bd5 Rg8+ 12. Kh1 c6 13. Bc4 Qd7 14. Rg1 Rxg1+ 15. Kxg1 O-O-O 16. f4 Qg4+ 17. Kf1 exf4 18. h3 Qh4 19. Bd2 f3 20. Re1 Qxh3+
0-1

[Event "Standard Tournament Under 1600"]
[Site "SchemingMind.com"]
[Date "2010.12.06"]
[Round "-"]
[White "Gary"]
[Black "BigDaddy"]
[Result "1-0"]
[WhiteCountry "ENG"]
[BlackCountry "AUT"]
[WhiteElo "1669"]
[WhiteRD "64"]
[BlackElo "1388"]
[BlackRD "77"]
[GameID "269134"]

1. e4 c5 2. Nf3 e6 3. d4 cxd4 4. Nxd4 Nf6 5. Nc3 Bb4 6. Bd3 d5 7. exd5 Bxc3+ 8. bxc3 exd5 9. O-O Qd7 10. Bb5 Nc6
11. Re1+ Kd8 12. Bg5 Qd6 13. Qe2 Bg4 14. f3 Bd7 15. Nxc6+ Bxc6 16. Bxc6 bxc6 17. c4 Qc5+ 18. Kh1 h6 19. Be3 Qxc4 20. Qxc4 dxc4
21. Rad1+ Nd5 22. Bd4 Kc7 23. Bxg7 Rhg8 24. Be5+ Kb6 25. Rb1+ Kc5 26. Rb7 f6 27. Bg3 Nb4 28. Rd1 Rgd8 29. Bf2+
1-0

[Event "Standard Tournament Under 1600"]
[Site "SchemingMind.com"]
[Date "2010.12.06"]
[Round "-"]
[White "Gary"]
[Black "lennart"]
[Result "1-0"]
[WhiteCountry "ENG"]
[BlackCountry "SWE"]
[WhiteElo "1611"]
[WhiteRD "76"]
[BlackElo "1520"]
[BlackRD "55"]
[GameID "269135"]

1. e4 e5 2. Nf3 d5 3. Nxe5 dxe4 4. d4 Nc6 5. Nxc6 bxc6 6. Bc4 Nf6 7. O-O Bd6 8. Nc3 Ng4 9. h3 Nf6 10. Re1 O-O
11. Nxe4 Nxe4 12. Rxe4 c5 13. Be3 c6 14. dxc5 Bc7 15. c3 Bf5 16. Qxd8 Raxd8 17. Rd4 Rb8 18. b3 a5 19. Bf4 Bxf4 20. Rxf4 Bg6
21. a3 Rfd8 22. b4 a4 23. Be2 Bd3 24. Bf3 Rbc8 25. Rd1 Bc2 26. Rxd8+ Rxd8 27. Rd4
1-0

[Event "Standard Tournament Under 1600"]
[Site "SchemingMind.com"]
[Date "2010.12.06"]
[Round "-"]
[White "Gary"]
[Black "ampp"]
[Result "1-0"]
[WhiteCountry "ENG"]
[BlackCountry "POR"]
[WhiteElo "1611"]
[WhiteRD "76"]
[BlackElo "1135"]
[BlackRD "44"]
[GameID "269136"]

1. e4 c5 2. Nf3 d6 3. d4 g6 4. Bc4 Nc6 5. O-O Bg7 6. Be3 cxd4 7. Nxd4 Nf6 8. Nc3 O-O 9. f4 e5 10. Nde2 Bg4
11. Qd2 a6 12. a4 a5 13. h3 Bxe2 14. Qxe2 Nb4 15. Rad1 exf4 16. Bxf4 Ne8 17. e5 Qb6+ 18. Kh1
1-0

[Event "Standard Tournament Under 1600"]
[Site "SchemingMind.com"]
[Date "2010.12.08"]
[Round "-"]
[White "BigDaddy"]
[Black "Gary"]
[Result "0-1"]
[WhiteCountry "AUT"]
[BlackCountry "ENG"]
[WhiteElo "1401"]
[WhiteRD "73"]
[BlackElo "1643"]
[BlackRD "60"]
[GameID "269137"]

1. e4 c5 2. Nf3 d6 3. d4 cxd4 4. Nxd4 Nf6 5. Bb5+ Bd7 6. Bxd7+ Nbxd7 7. Bg5 e6 8. Bxf6 Nxf6 9. Nc3 Be7 10. O-O O-O
11. Nf3 Rc8 12. Qe1 Qb6 13. Rb1 Rfd8 14. a3 Rc7 15. h3 Rdc8 16. e5 dxe5 17. Nxe5 Qc5 18. Qd2 Qxe5 19. f4 Bc5+ 20. Kh1 Qe3
21. Qxe3 Bxe3 22. Rf3 Bd4 23. Rc1 Bxc3 24. bxc3 Rxc3 25. Rd1 Rxc2 26. Kh2 Nd5 27. Rb1 b6 28. Rd1 R8c4 29. Rfd3 g6 30. Kg3 Rxf4
31. Rf3 Rxf3+ 32. Kxf3 Rc3+ 33. Ke4 Rxa3 34. Ke5 Ra2 35. g4 a5 36. Rc1 b5 37. Rc5 b4 38. Rb5 a4 39. Rb8+ Kg7 40. g5 b3
41. Kd6 b2 42. h4 Nc3 43. Ke7 b1=Q 44. Rf8 Nd5+ 45. Ke8 Qb8+ 46. Kd7 Qc7+ 47. Ke8 Qe7#
0-1

[Event "Standard Tournament Under 1600"]
[Site "SchemingMind.com"]
[Date "2010.12.08"]
[Round "-"]
[White "lennart"]
[Black "Gary"]
[Result "0-1"]
[WhiteCountry "SWE"]
[BlackCountry "ENG"]
[WhiteElo "1520"]
[WhiteRD "55"]
[BlackElo "1611"]
[BlackRD "76"]
[GameID "269138"]

1. e4 c5 2. c3 d6 3. Bc4 Nf6 4. Qe2 e6 5. Nf3 Be7 6. O-O O-O 7. d4 Nbd7 8. Rd1 b6 9. e5 Ne8 10. dxc5 dxc5
11. a3 Bb7 12. Nfd2 Qc7 13. Nf3 a6 14. b4 b5 15. Bd3 c4 16. Be4 Rd8 17. Bxb7 Qxb7 18. a4 Nc7 19. a5 Nd5 20. Nd4 Qc7
21. f4 Nb8 22. Kh1 Nc6 23. Nxc6 Qxc6 24. Na3 Rd7 25. Qg4 Nxc3 26. Rxd7 Qxd7 27. Nc2 Qd3 28. Ne3 Ne2 29. Nf1 Qc3 30. Ra3 Qxc1
31. Rf3 Rd8 32. Rf2 Nc3 33. h3 Ne4
0-1

[Event "Standard Tournament Under 1600"]
[Site "SchemingMind.com"]
[Date "2010.12.08"]
[Round "-"]
[White "ampp"]
[Black "Gary"]
[Result "0-1"]
[WhiteCountry "POR"]
[BlackCountry "ENG"]
[WhiteElo "1135"]
[WhiteRD "44"]
[BlackElo "1611"]
[BlackRD "76"]
[GameID "269139"]

1. e4 c5 2. c3 d6 3. Nf3 Nc6 4. d4 Nf6 5. dxc5 Nxe4 6. cxd6 Qxd6 7. Bd3 Nc5 8. Nd4 Bd7 9. O-O Nxd4 10. cxd4 Qxd4
11. Be3 Qxb2 12. Nd2 Nxd3 13. Rb1 Qxa2 14. Rxb7 e6 15. Rb1 Be7 16. Ra1 Qd5
0-1

[Event "Standard Tournament Under 1600"]
[Site "SchemingMind.com"]
[Date "2010.12.08"]
[Round "-"]
[White "michel"]
[Black "Gary"]
[Result "1-0"]
[WhiteCountry "CAN"]
[BlackCountry "ENG"]
[WhiteElo "1915"]
[WhiteRD "93"]
[BlackElo "1611"]
[BlackRD "76"]
[GameID "269227"]

1. Nf3 Nc6 2. d4 d5 3. c4 e6 4. Nc3 Bb4 5. Bg5 Nf6 6. e3 O-O 7. Be2 h6 8. Bh4 Bd7 9. O-O dxc4 10. Bxc4 Be7
11. Qe2 a6 12. Rac1 b5 13. Bd3 Rc8 14. a4 b4 15. Bxf6 Bxf6 16. Ne4 Be7 17. Bxa6 Ra8 18. Bb7 Rxa4 19. Bxc6 Bxc6 20. Rxc6 Qd5
21. Rxc7 Bd8 22. Nc5
1-0

[Event "Standard Tournament Under 1600"]
[Site "SchemingMind.com"]
[Date "2010.12.12"]
[Round "-"]
[White "michel"]
[Black "BigDaddy"]
[Result "1-0"]
[WhiteCountry "CAN"]
[BlackCountry "AUT"]
[WhiteElo "1915"]
[WhiteRD "93"]
[BlackElo "1353"]
[BlackRD "81"]
[GameID "269228"]

1. Nf3 Nf6 2. c4 g6 3. Nc3 d5 4. cxd5 Nxd5 5. e3 Nxc3 6. bxc3 Nc6 7. d4 Bg7 8. Bc4 Be6 9. Bxe6 fxe6 10. Qb3 Qd7
11. Qxb7 O-O 12. Qa6 e5 13. O-O Qd6 14. Ba3 Qd7 15. Rab1 Rab8 16. Qc4+ Kh8 17. d5 Na5 18. Qc5 e4 19. Nd4 Bxd4 20. Qxd4+ Kg8
21. Qxe4 Rfe8 22. Bc5 Rxb1 23. Rxb1 e6 24. Qb4 Qxd5 25. Qxa5 Rb8 26. Rxb8+ Kg7 27. Qxc7+ Kh6 28. Bf8+ Kh5 29. Qxh7+ Kg5 30. Be7+ Kf5
31. Qh3+ Ke5 32. Qg3+ Kf5 33. e4+ Kxe4 34. Rb4+ Kf5 35. Qg4+ Ke5 36. Qf4#
1-0

[Event "Standard Tournament Under 1600"]
[Site "SchemingMind.com"]
[Date "2010.12.07"]
[Round "-"]
[White "michel"]
[Black "lennart"]
[Result "1-0"]
[WhiteCountry "CAN"]
[BlackCountry "SWE"]
[WhiteElo "1770"]
[WhiteRD "138"]
[BlackElo "1529"]
[BlackRD "55"]
[GameID "269229"]

1. Nf3 d5 2. c4 dxc4 3. Na3 Qd5 4. e3 b5 5. b3 Nc6 6. bxc4 bxc4 7. Bxc4 Qa5 8. Bb5 Bd7 9. Qc2 Kd8 10. Bxc6 Rb8
11. Nc4 Qh5 12. Nce5
1-0

[Event "Standard Tournament Under 1600"]
[Site "SchemingMind.com"]
[Date "2010.12.07"]
[Round "-"]
[White "michel"]
[Black "ampp"]
[Result "1-0"]
[WhiteCountry "CAN"]
[BlackCountry "POR"]
[WhiteElo "1770"]
[WhiteRD "138"]
[BlackElo "1281"]
[BlackRD "53"]
[GameID "269230"]

1. Nf3 Nf6 2. c4 g6 3. Nc3 Bg7 4. e4 O-O 5. d4 d6 6. Be2 Nbd7 7. O-O Re8 8. e5 dxe5 9. dxe5 Nh5 10. g4 Nf4
11. Bxf4 b6 12. e6 fxe6 13. Nb5 Bxb2 14. Bxc7
1-0

[Event "Standard Tournament Under 1600"]
[Site "SchemingMind.com"]
[Date "2010.12.08"]
[Round "-"]
[White "Gary"]
[Black "michel"]
[Result "0-1"]
[WhiteCountry "ENG"]
[BlackCountry "CAN"]
[WhiteElo "1611"]
[WhiteRD "76"]
[BlackElo "1915"]
[BlackRD "93"]
[GameID "269231"]

1. e4 e5 2. Nf3 Nc6 3. Bb5 Nge7 4. O-O a6 5. Ba4 g6 6. Nc3 Bg7 7. d3 O-O 8. Be3 Nd4 9. Ng5 h6 10. Nf3 d5
11. exd5 Nxd5 12. Bxd4 exd4 13. Nxd5 Qxd5 14. h3 Qa5 15. Bb3 Bd7 16. Re1 Rae8 17. Qd2 Qxd2 18. Nxd2 Bc6 19. Ne4 a5 20. a4 Kh7
21. f4 b6 22. g4 f5 23. gxf5 Rxf5 24. Rf1 Bxe4 25. dxe4 Rxe4 26. Rae1 Re3 27. Rxe3 dxe3 28. c3 Bf8 29. Bc2 Rf6 30. Kg2 Bc5
31. Kf3 Kg7 32. h4 Kf7 33. Kg4 c6 34. Bb3+ Ke7 35. Bc4 Rd6 36. Re1 Kf6 37. b4 axb4 38. cxb4 Bd4 39. Re2 Rd7 40. Bb3 c5
41. b5 Re7 42. Bc4 Bc3 43. Bb3 Bd2 44. Bc2 c4 45. Bb1 c3 46. Bd3 Rc7
0-1

[Event "Standard Tournament Under 1600"]
[Site "SchemingMind.com"]
[Date "2010.12.12"]
[Round "-"]
[White "BigDaddy"]
[Black "michel"]
[Result "0-1"]
[WhiteCountry "AUT"]
[BlackCountry "CAN"]
[WhiteElo "1353"]
[WhiteRD "81"]
[BlackElo "1915"]
[BlackRD "93"]
[GameID "269232"]

1. e4 e5 2. Nf3 Nc6 3. Bb5 Nge7 4. Bxc6 Nxc6 5. d4 exd4 6. Nxd4 Bc5 7. Be3 Qf6 8. c3 O-O 9. b4 Bb6 10. Nd2 Nxd4
11. Bxd4 Bxd4 12. cxd4 Qxd4 13. a3 d5 14. f3 a5 15. bxa5 Rxa5 16. Nb3 Qe3+ 17. Kf1 b6 18. Nxa5 Ba6+
0-1

[Event "Standard Tournament Under 1600"]
[Site "SchemingMind.com"]
[Date "2010.12.07"]
[Round "-"]
[White "lennart"]
[Black "michel"]
[Result "0-1"]
[WhiteCountry "SWE"]
[BlackCountry "CAN"]
[WhiteElo "1529"]
[WhiteRD "55"]
[BlackElo "1770"]
[BlackRD "138"]
[GameID "269233"]

1. e4 e5 2. Nf3 Nc6 3. Bd3 Bc5 4. O-O Nf6 5. Nc3 O-O 6. Na4 Be7 7. b3 d5 8. exd5 Nxd5 9. g3 Bg4 10. c4 Ndb4
11. Be2 Bh3 12. Re1 e4 13. d3 exf3 14. Bxf3 Bf6 15. Rb1 Nxd3 16. Re3 Nde5 17. Be2 Qxd1+ 18. Bxd1 Bf5 19. Rb2 Rad8 20. Re1 Nd3
21. Bc2 Nxe1 22. Bxf5 Rd1
0-1

[Event "Standard Tournament Under 1600"]
[Site "SchemingMind.com"]
[Date "2010.12.07"]
[Round "-"]
[White "ampp"]
[Black "michel"]
[Result "0-1"]
[WhiteCountry "POR"]
[BlackCountry "CAN"]
[WhiteElo "1281"]
[WhiteRD "53"]
[BlackElo "1770"]
[BlackRD "138"]
[GameID "269234"]

1. e4 e5 2. Nf3 Nc6 3. Bc4 Nf6 4. Nc3 Nxe4 5. Nxe4 d5 6. Bxd5 Qxd5 7. d3 Bg4 8. h3 Bh5 9. O-O O-O-O 10. c4 Qe6
11. a3 Nd4 12. g4 Bg6 13. Nxd4 Rxd4 14. Be3 Rd8 15. Qb3 h5 16. Ng5 Qd7 17. Bxa7 hxg4 18. Kh2 f6 19. Ne4 g3+ 20. fxg3 Qxh3+
0-1

[Event "Standard Tournament Under 1600"]
[Site "SchemingMind.com"]
[Date "2010.12.08"]
[Round "-"]
[White "badpawn"]
[Black "Gary"]
[Result "1-0"]
[WhiteCountry "SWE"]
[BlackCountry "ENG"]
[WhiteElo "1571"]
[WhiteRD "79"]
[BlackElo "1669"]
[BlackRD "64"]
[GameID "269242"]

1. d4 Nf6 2. Nf3 e6 3. Bf4 Be7 4. e3 O-O 5. c3 b6 6. Nbd2 Bb7 7. Be2 d6 8. O-O Nbd7 9. Qc2 c5 10. e4 Nh5
11. Be3 Rc8 12. e5 g6 13. g4 Ng7 14. Qb3 a6 15. exd6 Bxd6 16. Ne5 Nxe5 17. dxe5 Bxe5 18. f4 Bc7 19. Bf3 Bd5 20. Bxd5 exd5
21. Nf3 Ne6 22. f5 Ng7 23. Rad1 c4 24. Qc2 Re8 25. Bg5 Qd7 26. Rfe1 Rxe1+ 27. Rxe1 gxf5 28. Re7 Qc6 29. gxf5 Re8 30. f6 Ne6
31. Qg2 Rxe7 32. fxe7 Nxg5 33. Nxg5 Be5 34. Ne6+ Kh8 35. Nd8 Bxh2+ 36. Kh1 Be5 37. Nxc6
1-0

[Event "Standard Tournament Under 1600"]
[Site "SchemingMind.com"]
[Date "2010.12.12"]
[Round "-"]
[White "badpawn"]
[Black "BigDaddy"]
[Result "1-0"]
[WhiteCountry "SWE"]
[BlackCountry "AUT"]
[WhiteElo "1571"]
[WhiteRD "79"]
[BlackElo "1388"]
[BlackRD "77"]
[GameID "269243"]

1. d4 Nf6 2. Nf3 d5 3. Bf4 Nc6 4. e3 h6 5. h3 g5 6. Bh2 Bg7 7. c3 O-O 8. Be2 e6 9. Nbd2 b6 10. O-O Bb7
11. Ne5 Nxe5 12. dxe5 Ne4 13. f3 Nxd2 14. Qxd2 c5 15. f4 Qe7 16. f5 exf5 17. Rxf5 Rfe8 18. Bb5 Red8 19. Raf1 c4 20. Qf2 f6
21. exf6 Qf8 22. fxg7 Qxg7 23. Rf7 Bc8 24. Rxg7+ Kxg7 25. Qf6+ Kg8 26. Qxd8+
1-0

[Event "Standard Tournament Under 1600"]
[Site "SchemingMind.com"]
[Date "2010.12.07"]
[Round "-"]
[White "badpawn"]
[Black "lennart"]
[Result "1-0"]
[WhiteCountry "SWE"]
[BlackCountry "SWE"]
[WhiteElo "1584"]
[WhiteRD "79"]
[BlackElo "1520"]
[BlackRD "55"]
[GameID "269244"]

1. d4 d5 2. Nf3 Nf6 3. Bf4 Nc6 4. h3 e6 5. e3 Ne4 6. c3 Bd6 7. Ne5 Bxe5 8. dxe5 O-O 9. Nd2 Nxd2 10. Qxd2 Na5
11. Be2 b6 12. O-O Nc6 13. Rfd1 a5 14. Bb5 Na7 15. Be2 c5 16. c4 Bb7 17. cxd5 Bxd5 18. Qc3 Qc8 19. Rac1 Bxa2 20. b3 a4
21. bxa4 Bd5 22. Bg4 c4 23. Rxd5 exd5 24. Bxc8 Nxc8 25. e4 Rxa4 26. exd5 Ne7 27. Qf3 b5 28. d6 Nf5 29. d7 h6 30. Bd2 Nd4
31. Qe3 Nf5 32. Qc5 Raa8 33. Qxb5 Nd4 34. Qxc4 Ne6 35. f4 Nd8 36. Bb4 Ra4 37. Qc5 Ne6 38. Qxf8+
1-0

[Event "Standard Tournament Under 1600"]
[Site "SchemingMind.com"]
[Date "2010.12.07"]
[Round "-"]
[White "badpawn"]
[Black "michel"]
[Result "0-1"]
[WhiteCountry "SWE"]
[BlackCountry "CAN"]
[WhiteElo "1571"]
[WhiteRD "79"]
[BlackElo "1770"]
[BlackRD "138"]
[GameID "269245"]

1. d4 Nf6 2. Nf3 c5 3. c3 e6 4. Bf4 Nc6 5. e3 Be7 6. Nbd2 Nh5 7. Be5 d6 8. Bg3 cxd4 9. cxd4 Bd7 10. Be2 Nxg3
11. hxg3 Rc8 12. Rc1 Qa5 13. a3 O-O 14. Kf1 Qf5 15. Qb3 Nxd4 16. Qd1 Nxe2 17. Kxe2 Rxc1 18. Qxc1 Rc8 19. Qb1 Bb5+
0-1

[Event "Standard Tournament Under 1600"]
[Site "SchemingMind.com"]
[Date "2010.12.07"]
[Round "-"]
[White "badpawn"]
[Black "ampp"]
[Result "1-0"]
[WhiteCountry "SWE"]
[BlackCountry "POR"]
[WhiteElo "1584"]
[WhiteRD "79"]
[BlackElo "1135"]
[BlackRD "44"]
[GameID "269246"]

1. d4 Nf6 2. Nf3 g6 3. Bf4 Bg7 4. e3 O-O 5. Nbd2 d6 6. c3 Nc6 7. h3 Re8 8. Be2 e5 9. dxe5 dxe5 10. Bh2 Bf5
11. O-O e4 12. Nd4 Nxd4 13. cxd4 Nd5 14. Rc1 a6 15. Bc4 b5 16. Bb3 Rc8 17. Bxd5 Qxd5 18. Nb3
1-0

[Event "Standard Tournament Under 1600"]
[Site "SchemingMind.com"]
[Date "2010.12.08"]
[Round "-"]
[White "Gary"]
[Black "badpawn"]
[Result "1-0"]
[WhiteCountry "ENG"]
[BlackCountry "SWE"]
[WhiteElo "1669"]
[WhiteRD "64"]
[BlackElo "1571"]
[BlackRD "79"]
[GameID "269247"]

1. e4 e5 2. Nf3 Nc6 3. Bb5 a6 4. Ba4 Nf6 5. O-O b5 6. Bb3 Be7 7. d3 O-O 8. Be3 Bb7 9. Nbd2 d5 10. exd5 Nxd5
11. Qe2 Na5 12. c4 bxc4 13. dxc4 Nxe3 14. Qxe3 Nxb3 15. Qxb3 Rb8 16. Qe3 Bf6 17. Rfd1 Qc8 18. Nxe5 Re8 19. f4 Qf5 20. Re1 h6
21. Qg3 Rbd8 22. Ndf3 c5 23. Rad1 Qc2 24. Rc1 Qxb2 25. Rb1 Qxa2 26. Rxb7 Bxe5 27. Nxe5 Rf8 28. Nc6 Rd2 29. Ne7+ Kh8 30. Nf5 Rg8
31. Rb8 g6 32. Qh4 h5 33. Rxg8+ Kxg8 34. Re8+ Kh7 35. Rh8+ Kxh8 36. Qf6+ Kh7 37. Qg7#
1-0

[Event "Standard Tournament Under 1600"]
[Site "SchemingMind.com"]
[Date "2010.12.12"]
[Round "-"]
[White "BigDaddy"]
[Black "badpawn"]
[Result "0-1"]
[WhiteCountry "AUT"]
[BlackCountry "SWE"]
[WhiteElo "1353"]
[WhiteRD "81"]
[BlackElo "1584"]
[BlackRD "79"]
[GameID "269248"]

1. e4 e5 2. Nf3 Nc6 3. Bb5 a6 4. Bxc6 dxc6 5. d4 exd4 6. Nxd4 c5 7. Nf3 Qxd1+ 8. Kxd1 Bg4 9. Nd2 O-O-O 10. Ke2 Nf6
11. Kf1 Bxf3 12. Nxf3 Nxe4 13. Ne5 Rd1+ 14. Ke2 Rxh1
0-1

[Event "Standard Tournament Under 1600"]
[Site "SchemingMind.com"]
[Date "2010.12.07"]
[Round "-"]
[White "lennart"]
[Black "badpawn"]
[Result "1-0"]
[WhiteCountry "SWE"]
[BlackCountry "SWE"]
[WhiteElo "1522"]
[WhiteRD "55"]
[BlackElo "1571"]
[BlackRD "79"]
[GameID "269249"]

1. e4 e5 2. Nf3 Nc6 3. Nc3 Nf6 4. d3 d5 5. exd5 Nxd5 6. Nxd5 Qxd5 7. Be2 Be7 8. O-O O-O 9. c4 Qd6 10. Nd2 f5
11. a4 Nd4 12. Nf3 f4 13. Nxd4 Qxd4 14. Rb1 Be6 15. b4 Rad8 16. Qc2 Rf6 17. Bb2 Qd6 18. c5 Qd7 19. b5 Rg6 20. Bf3 Bd5
21. Qe2 Bxc5 22. Bxd5+ Qxd5 23. Qe4 Bd4 24. Bxd4 Qxd4 25. Qxd4 Rxd4 26. f3 Rxd3 27. Rbc1 Rd7 28. a5 Rd2 29. Rf2 Rxf2 30. Kxf2 Re6
31. Rxc7 b6 32. Rxa7 bxa5 33. Rxa5 Rb6 34. Ke2 Kf7 35. Kd3 g6 36. Kc4 Ke7 37. Kc5 Rb8 38. b6 Rc8+ 39. Kb5 Kd6 40. Ra7 Rc5+
41. Ka6 Rc1 42. Kb7 g5 43. Ka8 Rc8+ 44. Kb7 Kd7 45. Ka6+ Kc6 46. h3 Rb8 47. Rc7+ Kd6 48. Ka7 Rd8 49. Rxh7 Kc6 50. b7 Rd2
51. Re7 Ra2+ 52. Kb8 Rd2 53. Kc8 Rb2 54. b8=Q
1-0

[Event "Standard Tournament Under 1600"]
[Site "SchemingMind.com"]
[Date "2010.12.07"]
[Round "-"]
[White "michel"]
[Black "badpawn"]
[Result "1-0"]
[WhiteCountry "CAN"]
[BlackCountry "SWE"]
[WhiteElo "1951"]
[WhiteRD "72"]
[BlackElo "1571"]
[BlackRD "79"]
[GameID "269250"]

1. Nf3 d5 2. c4 e6 3. g3 Nf6 4. Bg2 c6 5. O-O Be7 6. d4 O-O 7. Qc2 Nbd7 8. b3 Ne4 9. Bb2 Ndf6 10. Ne5 g6
11. Nd2 Bd7 12. Nxe4 Nxe4 13. Bxe4 dxe4 14. Qxe4 f5 15. Qe3 Bg5 16. f4 Be7 17. a4 Rc8 18. Rad1 Qc7 19. Qd3 Rcd8 20. e4 a6
21. Rfe1 Bf6 22. Nf3 Be8 23. Ba3 Rf7 24. exf5 exf5 25. Re6 Bd7 26. Rxf6 Rxf6 27. Be7 Rf7 28. Bxd8 Qxd8 29. d5 Qb6+ 30. Kg2 cxd5
31. cxd5 Re7 32. Ne5 Qd6 33. Rc1 g5 34. Kf3 g4+ 35. Kg2 b5 36. axb5 axb5 37. Rc2 Rxe5 38. fxe5 Qxe5 39. Re2 Qf6 40. Qe3 Kf7
41. Kf2 h5 42. Qe5 Qxe5 43. Rxe5 Kf6 44. Re3 Kg5 45. Re7 Bc8 46. d6
1-0

[Event "Standard Tournament Under 1600"]
[Site "SchemingMind.com"]
[Date "2010.12.08"]
[Round "-"]
[White "ampp"]
[Black "badpawn"]
[Result "0-1"]
[WhiteCountry "POR"]
[BlackCountry "SWE"]
[WhiteElo "1135"]
[WhiteRD "44"]
[BlackElo "1584"]
[BlackRD "79"]
[GameID "269251"]

1. Nf3 d5 2. g3 Nf6 3. Bg2 c6 4. O-O Bg4 5. Re1 e6 6. h3 Bxf3 7. Bxf3 Bd6 8. Nc3 O-O 9. d3 h6 10. e4 e5
11. exd5 Qc7 12. a3 e4 13. dxe4 cxd5 14. Nxd5 Nxd5 15. exd5 Nd7 16. b4 Be5 17. Rb1 Rfe8
0-1

[Event "Standard Tournament Under 1600"]
[Site "SchemingMind.com"]
[Date "2010.12.09"]
[Round "-"]
[White "maro"]
[Black "Gary"]
[Result "0-1"]
[WhiteCountry "MEX"]
[BlackCountry "ENG"]
[WhiteElo "1336"]
[WhiteRD "56"]
[BlackElo "1611"]
[BlackRD "76"]
[GameID "269321"]

1. c4 Nf6 2. Nc3 e5 3. d4 exd4 4. Nd5 Nc6 5. Nf3 Bc5 6. Bg5 Be7 7. Nxd4 Nxd5 8. Nxc6 dxc6 9. Qd4 Nf6 10. Bxf6 Bxf6
11. Qe4+ Be6 12. g3 O-O 13. Bg2 Bxb2 14. Rd1 Bc3+ 15. Kf1 Qxd1#
0-1